Les 20 plus grandes villes des Ardennes sur une carte - Statistiques

Statistiques générales
  • Ce quiz a été pris 105 fois
  • Le résultat moyen est 11 sur 20
Réponses sur la Carte
Les réponses sont colorées sur une échelle allant du rouge au vert en fonction du pourcentage des utilisateurs qui les ont devinées à leur premier essai. Vous pouvez retrouver ces pourcentages ci-dessous.
 
Statistiques - réponses
Population Initiale Ville % Correct
45 560 C Charleville-Mézières
100%
16 667 S Sedan
97%
7 444 R Rethel
88%
6 364 G Givet
82%
3 825 V Vouziers
75%
5 716 R Revin
66%
2 270 R Rocroi
61%
5 523 N Nouzonville
58%
3 615 V Villers-Semeuse
55%
3 086 F Fumay
49%
4 889 B Bogny-sur-Meuse
45%
2 680 C Carignan
43%
2 470 B Bazeilles
38%
2 138 M Monthermé
38%
2 229 M Mouzon
35%
3 518 V Vrigne aux Bois
35%
2 732 V Vivier-au-Court
32%
2 134 D Douzy
30%
2 270 F Floing
26%
2 249 N Nouvion-sur-Meuse
26%
Aucun quiz correspondant
Distribution des résultats
% des personnes avec chaque résultat
Percentile par nombre de réponses
Votre historique - résultats
Vous n’avez pas pris ce quiz